[Event "Le Van Helsing Online"]
[Site "Quebec CAN"]
[Date "2020.12.18"]
[Round "1"]
[White "Adam, Rafael"]
[Black "Dubois, Lise"]
[Result "1-0"]
[WhiteElo "1891"]
[BlackElo "1313"]
[PlyCount "61"]
[EventDate "2020.12.18"]
[EventType "swiss"]
[EventRounds "3"]
[EventCountry "CAN"]

1. d4 d5 2. c4 e6 3. Nc3 Nf6 4. cxd5 exd5 5. Bg5 Be7 6. e3 O-O 7. Bd3 Bg4 8.
Nge2 c5 9. O-O c4 10. Bc2 Nbd7 11. f3 Bh5 12. Qe1 h6 13. Bh4 Bg6 14. Bxg6 fxg6
15. e4 dxe4 16. fxe4 a6 17. a4 Qb6 18. Qd2 Ng4 19. Bxe7 Rxf1+ 20. Rxf1 Re8 21.
Bh4 Ndf6 22. Bxf6 Nxf6 23. Qe3 Ng4 24. Qf4 h5 25. Qf7+ Kh7 26. Qxe8 Qxb2 27. h3
Ne3 28. Rf8 Qa1+ 29. Kf2 Kh6 30. Rh8+ Kg5 31. Qe7# 1-0

[Event "Le Van Helsing Online"]
[Site "Quebec CAN"]
[Date "2020.12.18"]
[Round "1"]
[White "Michel, Andie"]
[Black "Potvin, Alain-Nicolas"]
[Result "0-1"]
[WhiteElo "1190"]
[BlackElo "1632"]
[PlyCount "56"]
[EventDate "2020.12.18"]
[EventType "swiss"]
[EventRounds "3"]
[EventCountry "CAN"]

1. e4 g6 2. Nf3 Bg7 3. Nc3 d6 4. Bc4 Nf6 5. d4 O-O 6. O-O Nxe4 7. Bd5 Nxc3 8.
bxc3 c6 9. Bb3 Bg4 10. Qd3 Nd7 11. Bf4 Qa5 12. Rfe1 Rae8 13. Ng5 Nf6 14. Bxf7+
Rxf7 15. Qc4 d5 16. Qb3 Rff8 17. Qxb7 Qxc3 18. Rab1 Qxd4 19. Be5 Qd2 20. h4 Ne4
21. Bxg7 Kxg7 22. Rf1 Nxg5 23. hxg5 Qxg5 24. Qxc6 Rc8 25. Qb7 Bf3 26. Qb2+ Kg8
27. g3 Qh5 28. Qe5 Qh1# 0-1

[Event "Le Van Helsing Online"]
[Site "Quebec CAN"]
[Date "2020.12.18"]
[Round "2"]
[White "Caire, Francois"]
[Black "Adam, Rafael"]
[Result "0-1"]
[WhiteElo "2220"]
[BlackElo "1891"]
[PlyCount "36"]
[EventDate "2020.12.18"]
[EventType "swiss"]
[EventRounds "3"]
[EventCountry "CAN"]

1. e4 e5 2. Nc3 Nc6 3. Bc4 Bc5 4. Qg4 Qf6 5. Nd5 Qxf2+ 6. Kd1 Kf8 7. Nh3 Qd4 8.
d3 Be7 9. Nxc7 d5 10. Qf3 dxc4 11. Nxa8 Nf6 12. c3 Qd6 13. Kc2 Bg4 14. Qg3
cxd3+ 15. Qxd3 Qb8 16. Nb6 axb6 17. Be3 Qc7 18. Nf2 Nb4+ 0-1

[Event "Le Van Helsing Online"]
[Site "Quebec CAN"]
[Date "2020.12.18"]
[Round "2"]
[White "Potvin, Alain-Nicolas"]
[Black "Dubois, Lise"]
[Result "1-0"]
[WhiteElo "1632"]
[BlackElo "1313"]
[PlyCount "135"]
[EventDate "2020.12.18"]
[EventType "swiss"]
[EventRounds "3"]
[EventCountry "CAN"]

1. d4 d5 2. Bf4 Nf6 3. e3 e6 4. Nf3 Bd6 5. Bg3 Ne4 6. Nbd2 Nxg3 7. hxg3 Nc6 8.
c3 Bd7 9. Bd3 g6 10. Qe2 Qe7 11. e4 Qf8 12. e5 Be7 13. Rh2 O-O-O 14. O-O-O Na5
15. Kb1 Ba4 16. Rdh1 h5 17. g4 h4 18. Nxh4 Bxh4 19. Rxh4 Rxh4 20. Rxh4 g5 21.
Rh5 Qe7 22. Qe3 Bd1 23. Qxg5 Qxg5 24. Rxg5 Rh8 25. f3 Rh1 26. Nf1 Nc4 27. Kc1
Ne3 28. Nxe3 Be2+ 29. Kd2 Bxd3 30. Kxd3 Rb1 31. b4 Kd7 32. Rg7 Ke7 33. a4 Ra1
34. a5 b6 35. axb6 axb6 36. g5 Kf8 37. Rh7 Kg8 38. g6 fxg6 39. Rxc7 Rc1 40. Rc6
Kf7 41. Rxb6 g5 42. Rb7+ Kg6 43. Re7 g4 44. Rxe6+ Kf7 45. Rd6 gxf3 46. gxf3 Rh1
47. Rxd5 Rh3 48. Ke4 Rh4+ 49. Ng4 Kg6 50. Rd6+ Kg5 51. b5 Rh1 52. b6 Re1+ 53.
Kd5 Kf4 54. Rf6+ Kg3 55. b7 Rb1 56. Rf7 Rb5+ 57. Kc6 Rb3 58. c4 Rb4 59. Kc5 Rb1
60. d5 Kh4 61. Kc6 Kg5 62. c5 Kg6 63. Rf6+ Kg7 64. Kc7 Rb5 65. b8=Q Rxc5+ 66.
Kd6 Rxd5+ 67. Kxd5 Kh7 68. Qc7+ 1-0

[Event "Le Van Helsing Online"]
[Site "Quebec CAN"]
[Date "2020.12.18"]
[Round "3"]
[White "Adam, Rafael"]
[Black "Potvin, Alain-Nicolas"]
[Result "1-0"]
[WhiteElo "1891"]
[BlackElo "1632"]
[PlyCount "75"]
[EventDate "2020.12.18"]
[EventType "swiss"]
[EventRounds "3"]
[EventCountry "CAN"]

1. d4 g6 2. Nf3 Bg7 3. Bf4 d6 4. e3 a6 5. Bc4 e6 6. a4 Nd7 7. O-O b6 8. Nbd2
Bb7 9. h3 Ne7 10. c3 O-O 11. Re1 h6 12. e4 Kh7 13. Qe2 Qc8 14. Bd3 Ng8 15. Nf1
e5 16. dxe5 Nxe5 17. Nxe5 dxe5 18. Bh2 Qd7 19. Ne3 Rfd8 20. Red1 Qe8 21. Bc2
Ne7 22. f3 a5 23. Bb3 Ba6 24. Qc2 f6 25. Bg3 h5 26. Bf2 Bh6 27. Rxd8 Rxd8 28.
Rd1 Rd7 29. Be6 Rxd1+ 30. Qxd1 Nc6 31. Bd7 Qd8 32. Bxc6 Qxd1+ 33. Nxd1 Be2 34.
Ne3 Kg7 35. Bb5 Bxb5 36. axb5 Kf7 37. b3 Ke7 38. Nd5+ 1-0

[Event "Le Van Helsing Online"]
[Site "Quebec CAN"]
[Date "2020.12.18"]
[Round "3"]
[White "Caire, Francois"]
[Black "Michel, Andie"]
[Result "1-0"]
[WhiteElo "2220"]
[BlackElo "1190"]
[PlyCount "51"]
[EventDate "2020.12.18"]
[EventType "swiss"]
[EventRounds "3"]
[EventCountry "CAN"]

1. c4 Nf6 2. g4 Nxg4 3. e4 d6 4. Be2 Nf6 5. Nc3 e5 6. Nf3 Nc6 7. d4 exd4 8.
Nxd4 Be7 9. Rg1 O-O 10. Be3 Re8 11. Qd2 a6 12. O-O-O Ne5 13. Rg2 Bh3 14. Rg3
Qd7 15. Rdg1 Bf8 16. f4 Nc6 17. Nxc6 bxc6 18. f5 Nxe4 19. Nxe4 Rxe4 20. Rxh3
Qxf5 21. Rhg3 d5 22. Bd3 dxc4 23. Bxe4 Qxe4 24. Qd4 Re8 25. Rxg7+ Kh8 26. Rg8#
1-0

[Event "Le Walking Dead 1 Online"]
[Site "Quebec CAN"]
[Date "2020.09.14"]
[Round "1"]
[White "Lalonde, Jean-Louis"]
[Black "Tremblay-Alix, Eric"]
[Result "1-0"]
[WhiteElo "1862"]
[BlackElo "1846"]
[PlyCount "91"]
[EventDate "2020.09.14"]
[EventType "tourn"]
[EventRounds "3"]
[EventCountry "CAN"]

1. d4 c5 2. e3 Nf6 3. Bd3 Nc6 4. c3 e6 5. Nf3 b6 6. Nbd2 Bb7 7. O-O Be7 8. Qe2
O-O 9. dxc5 Bxc5 10. e4 Qc7 11. Nb3 Bd6 12. Nbd4 Ng4 13. h3 Nge5 14. Nb5 Nxf3+
15. Qxf3 Ne5 16. Qe2 Qc6 17. Nxd6 Qxd6 18. Bc2 Rad8 19. Bf4 Qc5 20. Rad1 d6 21.
Rfe1 Nc4 22. b3 Na3 23. c4 Nxc2 24. Qxc2 e5 25. Bg3 g6 26. Qd2 f5 27. Bh4 Rd7
28. exf5 Rxf5 29. Bg3 a6 30. Kh2 Kg7 31. f3 Bc6 32. Qc3 b5 33. Rc1 bxc4 34.
Qxc4 Qxc4 35. Rxc4 Bb5 36. Rc8 Re7 37. a4 Bd3 38. Rc6 Rd7 39. Rc3 e4 40. fxe4
Rf1 41. Rxd3 Rxe1 42. Bxe1 Re7 43. Bc3+ Kh6 44. Rxd6 Rxe4 45. Rxa6 Re2 46. b4
1-0

[Event "Le Walking Dead 1 Online"]
[Site "Quebec CAN"]
[Date "2020.09.14"]
[Round "1"]
[White "Potvin, Alain-Nicolas"]
[Black "Lessard, Claude"]
[Result "0-1"]
[WhiteElo "1723"]
[BlackElo "2132"]
[PlyCount "40"]
[EventDate "2020.09.14"]
[EventType "tourn"]
[EventRounds "3"]
[EventCountry "CAN"]

1. d4 c5 2. e3 d5 3. c3 Nc6 4. f4 cxd4 5. exd4 Nf6 6. Nf3 Bf5 7. Ne5 e6 8. Bb5
Qb6 9. Qa4 Rc8 10. Nd2 Bd6 11. Ndf3 O-O 12. Nxc6 bxc6 13. Ba6 Rb8 14. Ne5 c5
15. O-O Bxe5 16. fxe5 Ne4 17. Be2 cxd4 18. cxd4 Rbc8 19. Be3 Qxb2 20. Ba6 Rc2
0-1

[Event "Le Walking Dead 1 Online"]
[Site "Quebec CAN"]
[Date "2020.09.14"]
[Round "2"]
[White "Lessard, Claude"]
[Black "Lalonde, Jean-Louis"]
[Result "1-0"]
[WhiteElo "2132"]
[BlackElo "1862"]
[PlyCount "85"]
[EventDate "2020.09.14"]
[EventType "tourn"]
[EventRounds "3"]
[EventCountry "CAN"]

1. d4 Nf6 2. c4 g6 3. Nc3 Bg7 4. e4 O-O 5. Be2 d6 6. f4 c6 7. Nf3 Nbd7 8. e5
Ne8 9. O-O a6 10. Be3 b5 11. c5 d5 12. h3 Nc7 13. g4 f6 14. Qe1 fxe5 15. fxe5
Ne6 16. Qh4 Qe8 17. Ng5 Nxg5 18. Bxg5 e6 19. Be7 Rxf1+ 20. Rxf1 Ra7 21. Bd6 Nf8
22. g5 Rf7 23. Nd1 Rxf1+ 24. Bxf1 Qf7 25. Qg3 a5 26. Bd3 a4 27. Nf2 Bd7 28. Ng4
Be8 29. Nf6+ Kh8 30. h4 h5 31. Qf4 Bxf6 32. gxf6 Kh7 33. Kh2 Nd7 34. Qg5 Nf8
35. Bxf8 Qxf8 36. Qxh5+ Qh6 37. Qxh6+ Kxh6 38. Kg3 g5 39. hxg5+ Kxg5 40. Be2 a3
41. bxa3 Bg6 42. Bxb5 cxb5 43. c6 1-0

[Event "Le Walking Dead 1 Online"]
[Site "Quebec CAN"]
[Date "2020.09.14"]
[Round "2"]
[White "Potvin, Alain-Nicolas"]
[Black "Tremblay-Alix, Eric"]
[Result "0-1"]
[WhiteElo "1723"]
[BlackElo "1846"]
[PlyCount "122"]
[EventDate "2020.09.14"]
[EventType "tourn"]
[EventRounds "3"]
[EventCountry "CAN"]

1. d4 Nf6 2. e3 g6 3. Nf3 Bg7 4. Bd3 O-O 5. O-O b6 6. Nbd2 Bb7 7. Qe2 c5 8. c3
d6 9. Re1 Re8 10. e4 e5 11. dxe5 dxe5 12. Nc4 Qc7 13. Bg5 Nc6 14. Rad1 a6 15.
Qe3 Ng4 16. Qc1 b5 17. Ncd2 h6 18. Bh4 Nf6 19. Bb1 Nh5 20. Nf1 Re6 21. Ne3 Rae8
22. Nd5 Qb8 23. Qe3 g5 24. Bg3 Nxg3 25. hxg3 Bf8 26. Nh2 Ne7 27. Ng4 Ng6 28.
Ngf6+ Kg7 29. Nxe8+ Rxe8 30. Qf3 Re6 31. Rd2 c4 32. Red1 Bc5 33. Ne3 Ne7 34.
Rd7 Rf6 35. Qe2 Bc6 36. Rd8 Qb6 37. Ng4 Re6 38. Kf1 Bd4 39. f3 Qxd8 40. Ne3 Qb6
41. Nf5+ Nxf5 42. exf5 Rf6 43. g4 Be3 44. Be4 Bf4 45. Qe1 Bh2 46. Qf2 Qxf2+ 47.
Kxf2 a5 48. g3 b4 49. Kg2 b3 50. axb3 Bxg3 51. Kxg3 cxb3 52. Bxc6 Rxc6 53. Rd5
a4 54. Ra5 Rc4 55. Kf2 e4 56. fxe4 Rxe4 57. Kf3 Rf4+ 58. Kg3 Rc4 59. Ra6 Rxc3+
60. bxc3 b2 61. Rb6 a3 0-1

[Event "Le Walking Dead 1 Online"]
[Site "Quebec CAN"]
[Date "2020.09.14"]
[Round "3"]
[White "Lalonde, Jean-Louis"]
[Black "Potvin, Alain-Nicolas"]
[Result "0-1"]
[WhiteElo "1862"]
[BlackElo "1723"]
[PlyCount "52"]
[EventDate "2020.09.14"]
[EventType "tourn"]
[EventRounds "3"]
[EventCountry "CAN"]

1. d4 g6 2. c4 Bg7 3. Nc3 Nf6 4. e4 d6 5. Be3 O-O 6. Bd3 e5 7. d5 h6 8. f3 a5
9. Nge2 Na6 10. a3 b6 11. Qd2 Nc5 12. O-O Kh7 13. b4 Nxd3 14. Qxd3 axb4 15.
axb4 Rxa1 16. Rxa1 Bd7 17. c5 bxc5 18. bxc5 Ne8 19. c6 Bc8 20. Ra8 f5 21. Nb5
fxe4 22. fxe4 Qf6 23. Ng3 Bg4 24. h3 Bxh3 25. gxh3 Qh4 26. Kh2 Rf3 0-1

[Event "Le Walking Dead 1 Online"]
[Site "Quebec CAN"]
[Date "2020.09.14"]
[Round "3"]
[White "Tremblay-Alix, Eric"]
[Black "Lessard, Claude"]
[Result "0-1"]
[WhiteElo "1846"]
[BlackElo "2132"]
[PlyCount "48"]
[EventDate "2020.09.14"]
[EventType "tourn"]
[EventRounds "3"]
[EventCountry "CAN"]

1. c4 e5 2. Nc3 f5 3. Nf3 Nc6 4. d3 Nf6 5. g3 Bb4 6. Bg2 Bxc3+ 7. bxc3 d6 8.
O-O O-O 9. Nd2 Qe8 10. e4 f4 11. Nb3 Qg6 12. gxf4 exf4 13. Bxf4 Nh5 14. Bg3 Nf4
15. Qd2 Ne5 16. Qe3 Nxg2 17. Kxg2 Rf3 18. Qe2 Qg4 19. Nd4 Qh3+ 20. Kh1 Bg4 21.
Bxe5 dxe5 22. Rg1 exd4 23. Rxg4 Qxg4 24. Rg1 Qf4 0-1

[Event "Le Walking Dead 2 Online"]
[Site "Quebec CAN"]
[Date "2020.10.19"]
[Round "1"]
[White "Crete, Mathys"]
[Black "Grenier, Jean-Michel"]
[Result "0-1"]
[WhiteElo "1130"]
[BlackElo "1594"]
[PlyCount "45"]
[EventDate "2020.10.19"]
[EventType "swiss"]
[EventRounds "4"]
[EventCountry "CAN"]

1. d4 Nf6 2. c4 e6 3. Nc3 Bb4 4. Qc2 O-O 5. e4 d6 6. Bd3 b6 7. e5 Bxc3+ 8. bxc3
dxe5 9. dxe5 Nfd7 10. Bxh7+ Kh8 11. Be4 c6 12. Qd3 Qh4 13. Nf3 Qh5 14. Bf4 Nc5
15. Qd6 Re8 16. Bxc6 Nxc6 17. Qxc6 Bb7 18. Qb5 Bxf3 19. Be3 Bb7 20. O-O Qxe5
21. Bd4 Qg5 22. g3 Qh5 23. Rfe1 0-1

[Event "Le Walking Dead 2 Online"]
[Site "Quebec CAN"]
[Date "2020.10.19"]
[Round "1"]
[White "Mercure, Gilbert"]
[Black "Potvin-Giroux, Joey"]
[Result "1-0"]
[WhiteElo "1840"]
[BlackElo "1580"]
[PlyCount "22"]
[EventDate "2020.10.19"]
[EventType "swiss"]
[EventRounds "4"]
[EventCountry "CAN"]

1. e4 d5 2. exd5 Qxd5 3. Nc3 Qa5 4. b4 Qxb4 5. Rb1 Qd6 6. Rb3 Be6 7. Rxb7 Qe5+
8. Be2 Nf6 9. Nf3 Qa5 10. Rb5 Qa6 11. Rxb8+ Qc8 1-0

[Event "Le Walking Dead 2 Online"]
[Site "Quebec CAN"]
[Date "2020.10.19"]
[Round "2"]
[White "Grenier, Jean-Michel"]
[Black "Mercure, Gilbert"]
[Result "0-1"]
[WhiteElo "1594"]
[BlackElo "1840"]
[PlyCount "134"]
[EventDate "2020.10.19"]
[EventType "swiss"]
[EventRounds "4"]
[EventCountry "CAN"]

1. d4 d5 2. c4 Nc6 3. Nf3 Bg4 4. e3 e5 5. Be2 Bb4+ 6. Bd2 Bxd2+ 7. Qxd2 Nf6 8.
O-O O-O 9. Nxe5 Nxe5 10. dxe5 Ne4 11. Qd3 Nc5 12. Qc2 Bxe2 13. Qxe2 dxc4 14.
Qxc4 Qe7 15. Rc1 Ne6 16. Na3 a6 17. f4 b5 18. Qc6 Rfc8 19. Nc2 Nd8 20. Qf3 c5
21. Ne1 c4 22. Nc2 Nc6 23. Nd4 Nb4 24. Nf5 Qe6 25. Nd6 Rd8 26. Rd1 Nd3 27. b3
Nb2 28. Rd2 c3 29. Rc2 b4 30. Qe4 Rab8 31. Nf5 g6 32. Nd4 Qd5 33. Qxd5 Rxd5 34.
a3 a5 35. axb4 axb4 36. Kf2 Nd3+ 37. Ke2 Nxf4+ 38. exf4 Rxd4 39. g3 Rbd8 40.
Raa2 h5 41. Ke3 Rd3+ 42. Ke2 Kg7 43. Ke1 Rd1+ 44. Ke2 Rh1 45. Ke3 g5 46. f5 Rd5
47. Ke4 Rdd1 48. f6+ Kg6 49. Re2 g4 50. Kf4 Rhf1+ 51. Ke4 Ra1 52. Kd5 Rfd1+ 53.
Kc5 Rxa2 54. Rxa2 Rd2 55. Ra1 c2 56. Rc1 Kf5 57. Kxb4 Kxe5 58. Kc3 Rxh2 59. b4
Kd5 60. b5 Kc5 61. b6 Kxb6 62. Rxc2 Rxc2+ 63. Kxc2 h4 64. gxh4 g3 65. h5 g2 66.
h6 g1=Q 67. h7 Qh2+ 0-1

[Event "Le Walking Dead 2 Online"]
[Site "Quebec CAN"]
[Date "2020.10.19"]
[Round "2"]
[White "Potvin-Giroux, Joey"]
[Black "Crete, Mathys"]
[Result "1/2-1/2"]
[WhiteElo "1580"]
[BlackElo "1130"]
[PlyCount "133"]
[EventDate "2020.10.19"]
[EventType "swiss"]
[EventRounds "4"]
[EventCountry "CAN"]

1. e4 c6 2. d4 d5 3. f3 dxe4 4. fxe4 e5 5. Nf3 Bg4 6. Bc4 Nf6 7. O-O Bxf3 8.
Qxf3 Qxd4+ 9. Be3 Qxc4 10. Nc3 Bc5 11. Kh1 Bxe3 12. Qxe3 O-O 13. Qg5 Nxe4 14.
Nxe4 Qxe4 15. Rae1 Qg6 16. Qxe5 Nd7 17. Qc7 Nc5 18. Re7 Rac8 19. Qe5 Ne6 20.
Rxb7 Rce8 21. Rxa7 Ng5 22. Qc7 Qxc2 23. h4 Ne6 24. Qb7 Qe2 25. Rxf7 Qe1+ 26.
Kh2 Qxh4+ 27. Kg1 Qd4+ 28. Kh2 Qe5+ 29. Kg1 Qg5 30. Rxf8+ Nxf8 31. Qf7+ Kh8 32.
Qxe8 Qc1+ 33. Kh2 Qh6+ 34. Kg1 Qc1+ 35. Kf2 Qc5+ 36. Qe3 Qf5+ 37. Ke2 Qb5+ 38.
Kf2 Qxb2+ 39. Kf3 Qf6+ 40. Qf4 Qc3+ 41. Kg4 h5+ 42. Kxh5 Qc5+ 43. Kg4 Qxa7 44.
Qxf8+ Kh7 45. Qf5+ Kh8 46. Kg5 Qe7+ 47. Kg6 Qe8+ 48. Qf7 Qe4+ 49. Qf5 Qxg2+ 50.
Qg5 Qxg5+ 51. Kxg5 c5 52. a4 c4 53. Kf4 g5+ 54. Ke4 g4 55. a5 c3 56. a6 c2 57.
a7 c1=Q 58. a8=Q+ Kg7 59. Qb7+ Kf6 60. Qb6+ Ke7 61. Qb4+ Kd7 62. Qd4+ Kc7 63.
Qe5+ Kb6 64. Qf6+ Qc6+ 65. Qxc6+ Kxc6 66. Kf4 Kd6 67. Kxg4 1/2-1/2

[Event "Le Walking Dead 2 Online"]
[Site "Quebec CAN"]
[Date "2020.10.19"]
[Round "2"]
[White "St-Onge, Pierre"]
[Black "Potvin, Alain-Nicolas"]
[Result "0-1"]
[WhiteElo "1679"]
[BlackElo "1661"]
[PlyCount "64"]
[EventDate "2020.10.19"]
[EventType "swiss"]
[EventRounds "4"]
[EventCountry "CAN"]

1. e4 d6 2. f4 Nf6 3. Bd3 g6 4. c3 Bg7 5. Nf3 Nc6 6. Bc2 O-O 7. O-O e5 8. d3
Qe7 9. Kh1 Bg4 10. Qe1 Nh5 11. h3 Bd7 12. Nh2 f5 13. exf5 gxf5 14. Bd1 Qf7 15.
Qh4 Nf6 16. Nf3 e4 17. Ng5 Qg6 18. Bb3+ d5 19. dxe4 fxe4 20. Nd2 Ne7 21. Re1 c6
22. Ndxe4 Nxe4 23. Nxe4 Nf5 24. Qf2 Kh8 25. Ng5 h6 26. g4 hxg5 27. gxf5 Bxf5
28. Rg1 Be4+ 29. Kh2 Qf5 30. Rxg5 Qxg5 31. fxg5 Rxf2+ 32. Kg1 Rg2+ 0-1

[Event "Le Walking Dead 2 Online"]
[Site "Quebec CAN"]
[Date "2020.10.19"]
[Round "3"]
[White "Crete, Mathys"]
[Black "St-Onge, Pierre"]
[Result "1-0"]
[WhiteElo "1130"]
[BlackElo "1679"]
[PlyCount "77"]
[EventDate "2020.10.19"]
[EventType "swiss"]
[EventRounds "4"]
[EventCountry "CAN"]

1. d4 d5 2. c4 c5 3. cxd5 c4 4. Qa4+ Nd7 5. Qxc4 Nb6 6. Qb5+ Bd7 7. Qb3 Ba4 8.
Qd3 Rc8 9. Nc3 Bd7 10. e4 a6 11. Nf3 Nf6 12. Be2 g6 13. O-O Bg7 14. a4 O-O 15.
a5 Nc4 16. Ra4 Bxa4 17. Nxa4 Qxa5 18. Nc5 b5 19. b3 Nb6 20. Bd2 b4 21. Nxa6
Nbxd5 22. exd5 Nxd5 23. Qe4 e6 24. Bc4 Nf6 25. Qb7 Ra8 26. Bxb4 Qh5 27. Bxf8
Rxf8 28. Qb5 Qh6 29. Qg5 Ne4 30. Qxh6 Bxh6 31. Re1 Nd6 32. g4 Bf4 33. Ne5 Ra8
34. Nc5 Rc8 35. b4 Bxe5 36. Ba6 Bxd4 37. Bxc8 Nxc8 38. Rd1 Bc3 39. Rd8+ 1-0

[Event "Le Walking Dead 2 Online"]
[Site "Quebec CAN"]
[Date "2020.10.19"]
[Round "3"]
[White "Potvin, Alain-Nicolas"]
[Black "Mercure, Gilbert"]
[Result "1-0"]
[WhiteElo "1661"]
[BlackElo "1840"]
[PlyCount "43"]
[EventDate "2020.10.19"]
[EventType "swiss"]
[EventRounds "4"]
[EventCountry "CAN"]

1. d4 d5 2. Nf3 Nc6 3. Nbd2 Bf5 4. e3 a6 5. c3 Nf6 6. Be2 e6 7. Ne5 Nxe5 8.
dxe5 Nd7 9. f4 c5 10. O-O h5 11. Nf3 Be7 12. a4 Qc7 13. a5 g5 14. Qa4 g4 15.
Nd2 O-O-O 16. e4 dxe4 17. Nxe4 Nxe5 18. fxe5 Qxe5 19. Ng3 Bg6 20. Bf4 Qg7 21.
Bxa6 e5 22. Qc6+ 1-0

[Event "Le Walking Dead 2 Online"]
[Site "Quebec CAN"]
[Date "2020.10.19"]
[Round "3"]
[White "Potvin-Giroux, Joey"]
[Black "Grenier, Jean-Michel"]
[Result "1-0"]
[WhiteElo "1580"]
[BlackElo "1594"]
[PlyCount "86"]
[EventDate "2020.10.19"]
[EventType "swiss"]
[EventRounds "4"]
[EventCountry "CAN"]

1. e4 c5 2. Nf3 Nc6 3. d4 cxd4 4. Nxd4 d6 5. Be3 Nf6 6. Nc3 g6 7. f3 Bg7 8. Qd2
O-O 9. O-O-O a6 10. h4 Nxd4 11. Bxd4 b5 12. Nd5 Be6 13. Nxf6+ exf6 14. Kb1 Qc7
15. h5 g5 16. h6 Bh8 17. Bd3 Rac8 18. f4 Qe7 19. fxg5 fxg5 20. Bxh8 Kxh8 21.
Rh5 Bg4 22. Rxg5 Bxd1 23. Rg7 Rg8 24. Qxd1 Rxg7 25. hxg7+ Kxg7 26. Qg4+ Kh6 27.
Qxc8 Qg5 28. Qh3+ Kg7 29. e5 Qxe5 30. Qxh7+ Kf8 31. Qe4 Qc5 32. a3 a5 33. Qa8+
Ke7 34. Qxa5 Qg1+ 35. Ka2 Qxg2 36. Qxb5 Ke6 37. Qc4+ d5 38. Qc6+ Ke5 39. a4 f5
40. a5 Qf2 41. Qe8+ Kf4 42. Qe6 Qa7 43. Qxf5+ Kg3 1-0

[Event "Le Walking Dead 2 Online"]
[Site "Quebec CAN"]
[Date "2020.10.19"]
[Round "4"]
[White "Grenier, Jean-Michel"]
[Black "St-Onge, Pierre"]
[Result "1-0"]
[WhiteElo "1594"]
[BlackElo "1679"]
[PlyCount "83"]
[EventDate "2020.10.19"]
[EventType "swiss"]
[EventRounds "4"]
[EventCountry "CAN"]

1. d4 d5 2. c4 c6 3. Nf3 h6 4. e3 Bf5 5. Nc3 e6 6. Be2 Nf6 7. O-O Qc7 8. b3 Be7
9. Bb2 Nbd7 10. Rc1 Rc8 11. cxd5 exd5 12. Qd2 O-O 13. Rfd1 Qb8 14. h3 Rcd8 15.
Na4 Ne4 16. Qe1 b5 17. Nc3 Nd6 18. Bd3 Rfe8 19. Ne2 Rc8 20. Ba3 Ne4 21. Bxe7
Rxe7 22. Rc2 Qd6 23. Rdc1 a6 24. a4 Ndf6 25. axb5 axb5 26. Bxb5 cxb5 27. Rxc8+
Bxc8 28. Rxc8+ Kh7 29. Qc1 Qb4 30. Qc2 Ra7 31. Nc1 Ra3 32. Kh2 g6 33. Rc7 Kg7
34. Ne5 Nd6 35. Qc5 Qxc5 36. dxc5 Nde4 37. Rxf7+ Kg8 38. c6 Ra8 39. f3 Re8 40.
fxe4 Nxe4 41. Ncd3 Nd6 42. Rd7 1-0

[Event "Le Walking Dead 2 Online"]
[Site "Quebec CAN"]
[Date "2020.10.19"]
[Round "4"]
[White "Mercure, Gilbert"]
[Black "Crete, Mathys"]
[Result "1-0"]
[WhiteElo "1840"]
[BlackElo "1130"]
[PlyCount "65"]
[EventDate "2020.10.19"]
[EventType "swiss"]
[EventRounds "4"]
[EventCountry "CAN"]

1. e4 c6 2. d4 d5 3. f3 dxe4 4. fxe4 e5 5. Nf3 Bg4 6. Bc4 Nf6 7. Bxf7+ Kxf7 8.
Nxe5+ Ke8 9. Nxg4 Nxg4 10. Qxg4 Qxd4 11. Qc8+ Qd8 12. Qxd8+ Kxd8 13. Bg5+ Be7
14. Bxe7+ Kxe7 15. Nc3 Rd8 16. Ke2 Nd7 17. Rad1 Nc5 18. b4 Rxd1 19. Rxd1 Ne6
20. g3 c5 21. Nd5+ Kf7 22. c3 Rc8 23. Nf4 Nxf4+ 24. gxf4 Ke7 25. b5 b6 26. c4
g6 27. Kf3 Rf8 28. Kg4 Ke6 29. Rd5 h5+ 30. Kg5 h4 31. h3 Rf6 32. Rd6+ Kxd6 33.
Kxf6 1-0

[Event "Le Walking Dead 2 Online"]
[Site "Quebec CAN"]
[Date "2020.10.19"]
[Round "4"]
[White "Potvin, Alain-Nicolas"]
[Black "Potvin-Giroux, Joey"]
[Result "1-0"]
[WhiteElo "1661"]
[BlackElo "1580"]
[PlyCount "83"]
[EventDate "2020.10.19"]
[EventType "swiss"]
[EventRounds "4"]
[EventCountry "CAN"]

1. d4 Nf6 2. Nf3 e6 3. e3 c5 4. c3 d5 5. Bd3 Nc6 6. Nbd2 Bd6 7. O-O O-O 8. dxc5
Bxc5 9. e4 dxe4 10. Nxe4 Nxe4 11. Bxe4 Qb6 12. Qe2 Bd7 13. Bf4 Ne7 14. Bxh7+
Kxh7 15. Ng5+ Kg6 16. Qd3+ f5 17. Qxd7 e5 18. Qe6+ Qxe6 19. Nxe6 exf4 20. Nxc5
f3 21. g3 f4 22. Nd3 fxg3 23. fxg3 Nc6 24. Nf4+ Kh6 25. Rad1 g5 26. Rd6+ Kh7
27. Ne6 Rf5 28. Rxf3 Rxf3 29. Nxg5+ Kg8 30. Nxf3 Re8 31. Kf2 Re4 32. Rd7 b6 33.
b3 Re6 34. Nd4 Nxd4 35. Rxd4 a5 36. c4 Kf7 37. h4 Re5 38. Kf3 Re1 39. a4 Rb1
40. Rd3 Rf1+ 41. Kg4 Rf6 42. Rf3 1-0

[Event "Les Janissaires Online"]
[Site "Quebec CAN"]
[Date "2020.10.26"]
[Round "1"]
[White "Boileau, Dominic"]
[Black "Michel, Andie"]
[Result "1-0"]
[WhiteElo "1695"]
[BlackElo "1192"]
[PlyCount "109"]
[EventDate "2020.10.26"]
[EventType "swiss"]
[EventRounds "3"]
[EventCountry "CAN"]

1. d4 d5 2. c4 Nf6 3. Nc3 c6 4. Bg5 Nbd7 5. cxd5 cxd5 6. e3 a6 7. Bd3 e6 8.
Nge2 Be7 9. O-O O-O 10. a4 h6 11. Bh4 e5 12. dxe5 Nxe5 13. Bxf6 Bxf6 14. Nxd5
Bg4 15. f3 Be6 16. Nef4 Bxd5 17. Nxd5 Kh8 18. e4 Nc6 19. Rb1 Bd4+ 20. Kh1 Rc8
21. Qd2 Qh4 22. b4 Qg5 23. Qxg5 hxg5 24. b5 axb5 25. Bxb5 Ne5 26. Rbc1 Rxc1 27.
Rxc1 f5 28. Rd1 Ba7 29. exf5 Rxf5 30. Re1 Bf2 31. Re2 Bc5 32. a5 g4 33. f4 Ng6
34. Bc4 g3 35. Re4 gxh2 36. Kxh2 Rh5+ 37. Kg3 Rh4 38. Re8+ Bf8 39. Rxf8+ Nxf8
40. Kxh4 g6 41. Kg5 Kg7 42. g4 Nh7+ 43. Kh4 Nf8 44. Nc7 Kh8 45. Kg5 Kh7 46. Bd5
b6 47. axb6 Nd7 48. b7 Nb8 49. Be4 Kg7 50. Bxg6 Kh8 51. f5 Nc6 52. f6 Nb8 53.
f7 Kg7 54. Ne6+ Kh8 55. f8=Q# 1-0

[Event "Les Janissaires Online"]
[Site "Quebec CAN"]
[Date "2020.10.26"]
[Round "1"]
[White "Grenier, Jean-Michel"]
[Black "Mercure, Gilbert"]
[Result "1-0"]
[WhiteElo "1593"]
[BlackElo "1829"]
[PlyCount "77"]
[EventDate "2020.10.26"]
[EventType "swiss"]
[EventRounds "3"]
[EventCountry "CAN"]

1. d4 d5 2. c4 Nc6 3. Nf3 Bg4 4. e3 e5 5. cxd5 Qxd5 6. Nc3 Bb4 7. Be2 Bxf3 8.
Bxf3 e4 9. Be2 Qg5 10. O-O Bxc3 11. bxc3 Nf6 12. Ba3 Nd7 13. Qb3 Nb6 14. Bb5
O-O-O 15. Qxf7 Rhe8 16. Bxc6 bxc6 17. Qb3 Qb5 18. Rab1 Qc4 19. Bc5 Rd5 20. Qxc4
Nxc4 21. Bxa7 Re6 22. Rb4 Ra5 23. Rxc4 Rxa7 24. a4 Ra5 25. Ra1 g5 26. h3 h5 27.
g4 hxg4 28. hxg4 Kb7 29. Rb4+ Kc8 30. Rc4 Kb7 31. Rb1+ Ka7 32. Rcb4 c5 33. Rb5
Rxa4 34. Rxc5 c6 35. Rxg5 Ra2 36. Kg2 Rf6 37. Rf5 Rg6 38. Kg3 Rc2 39. Ra5# 1-0

[Event "Les Janissaires Online"]
[Site "Quebec CAN"]
[Date "2020.11.05"]
[Round "2"]
[White "Grenier, Jean-Michel"]
[Black "Boileau, Dominic"]
[Result "1/2-1/2"]
[WhiteElo "1593"]
[BlackElo "1695"]
[PlyCount "54"]
[EventDate "2020.10.26"]
[EventType "swiss"]
[EventRounds "3"]
[EventCountry "CAN"]

1. d4 Nf6 2. c4 e6 3. Nc3 Bb4 4. Bd2 Bxc3 5. Bxc3 Ne4 6. Bb4 Nc6 7. Ba3 d6 8.
e3 O-O 9. Bd3 f5 10. Nf3 Qf6 11. O-O b6 12. Bxe4 fxe4 13. Nd2 Qg6 14. Qc2 e5
15. d5 Ne7 16. Qxe4 Bf5 17. Qh4 Kh8 18. Qxe7 Bh3 19. g3 Bxf1 20. Nxf1 Qc2 21.
f4 exf4 22. gxf4 Rf6 23. Qxc7 Rg6+ 24. Ng3 Rh6 25. Nf1 Rg6+ 26. Ng3 Rh6 27. Nf1
Rg6+ 1/2-1/2